000 00527nam a2200181 i 4500
001 86839
003 ES-MaACL
005 20230906175532.0
007 t|
008 041216s1972 cl ||||1| spa d
100 1 _aKazan, Elia.
_967687
245 1 4 _aLos asesinos /
_cElia Kazan ; [traducción, Domingo Santos, Luis Vigil].
260 _aSantiago de Chile :
_bPomaire,
_c1972.
300 _a418 p. ;
_c22 cm.
700 1 _aSantos, Domingo.
_9103468
700 1 _aVigil, Luis.
_9114628
852 _aES-MaACL
_jC-49336
_bR.82980
999 _c86839
_d86839